000 00403pab a2200169 454500
008 180718b2014 xxu||||| |||| 00| 0 eng d
100 _aSiddiqa, Ayesha
245 _aThe Pakistan military: searching for state and society
260 _c2014
300 _ap.31-35.
362 _aDec
650 _aPakistan. Army
650 _aArmed forces
773 _aSeminar
908 _aN
909 _a106282
999 _c106277
_d106277